Vivencias higüeyanas / (Record no. 38197)
[ view plain ]
| 000 -CABECERA | |
|---|---|
| campo de control de longitud fija | 00650nam a2200169 a 4500 |
| 001 - NÚMERO DE CONTROL | |
| campo de control | 000038707 |
| 005 - FECHA Y HORA DE LA ÚLTIMA TRANSACCIÓN | |
| campo de control | 20240228084930.0 |
| 008 - DATOS DE LONGITUD FIJA--INFORMACIÓN GENERAL | |
| campo de control de longitud fija | 130418s2008 dr ac r 000 0 spa d |
| 040 ## - FUENTE DE LA CATALOGACIÓN | |
| Centro catalogador/agencia de origen | DO-SdBNP |
| Lengua de catalogación | spa |
| Centro/agencia transcriptor | BNPHU |
| 082 ## - NÚMERO DE LA CLASIFICACIÓN DECIMAL DEWEY | |
| Número de clasificación | xxxx |
| Número de documento/Ítem | xxxx |
| 100 1# - ENTRADA PRINCIPAL--NOMBRE DE PERSONA | |
| Nombre de persona | De Jesús Reyes, José C. |
| 9 (RLIN) | 65015 |
| 245 10 - MENCIÓN DE TÍTULO | |
| Título | Vivencias higüeyanas / |
| Mención de responsabilidad, etc. | José C. de Jesús Reyes ; prólogo Teófilo Lappot Robles. |
| 246 14 - FORMA VARIANTE DE TÍTULO | |
| Título propio/Titulo breve | Vivencias higüeyanas : |
| Resto del título | testimonios sobre acontecimientos que ayer fueron noticias y que hoy son historia |
| 260 ## - PUBLICACIÓN, DISTRIBUCIÓN, ETC. | |
| Lugar de publicación, distribución, etc. | Santo Domingo : |
| Nombre del editor, distribuidor, etc. | Ediciones, |
| Fecha de publicación, distribución, etc. | 2008. |
| 300 ## - DESCRIPCIÓN FÍSICA | |
| Extensión | 234 p. : |
| Otras características físicas | il., retrs. ; |
| Dimensiones | 23 cm. |
| 700 1# - PUNTO DE ACCESO ADICIONAL--NOMBRE DE PERSONA | |
| Nombre de persona | Lappot Robles, Teófilo, |
| Fechas asociadas al nombre | 1957- |
| 9 (RLIN) | 74151 |
| Estado de retiro | Estado de pérdida | No para préstamo | Código de colección | Localización permanente | Ubicación/localización actual | Ubicación en estantería | Fecha de adquisición | Número de inventario | Total de préstamos | Signatura topográfica completa | Código de barras | Fecha visto por última vez | Precio válido a partir de | Tipo de ítem Koha |
|---|---|---|---|---|---|---|---|---|---|---|---|---|---|---|
| Excluido de préstamo | Patrimonio Dominicano | Patrimonio Dominicano | Patrimonio Dominicano | Depósito | 18.04.2013 | LF1 | xxxx xxxx | 38707-10 | 25.06.2020 | 25.06.2020 | Libro y Folleto Colección Patrimonio Dominicano |
